000 00612nam a2200181Ia 4500
008 100920s9999 xx 000 0 und d
082 _b58275
_a330 थ 91
100 _aDesai vasant.
245 _aINDIAN BANKING - Nature , Performance and Problems.
260 _bHimalaya Publishing House, BOMBAY.
_c1991
300 _a579
_bसाधी
365 _b190
520 _aअर्थशास्त्र.
630 _aINDIAN BANKING - Nature , Performance and Problems.
650 _aअर्थशास्त्र.
730 _aINDIAN BANKING - Nature , Performance and Problems.
942 _cBOOK
999 _c701992
_d701989